5 Wonders of the Americas - Statistics

General Stats
  • This quiz has been taken 17 times
  • The average score is 4 of 5
Answer Stats
Picture Hint Answer % Correct
Canyon in the USA The Grand Canyon
100%
In New York The Statue of Liberty
100%
On a mountain in Peru Machu Picchu
88%
Rainforest and River The Amazon
56%
In 4-5 countries The Andes
19%
No matching quizzes found
Score Distribution
Percent of People with Each Score
Percentile by Number Answered
Your Score History
You have not taken this quiz